000 00519nam a2200169Ia 4500
008 100917s9999 xx 000 0 und d
082 _b13283
100 _aजगध्दितेच्छु छा. छा.
245 _aअेकादशी महात्म्य
260 _b---
_c1885
365 _b0
520 _aकविता
630 _aअेकादशी महात्म्य
650 _aकविता
730 _aअेकादशी महात्म्य
942 _cBOOK
999 _c618677
_d618674